Droit de conquête et droits des Indiens : La société espagnole face aux populations amérindiennes (notice n° 2175848)

détails MARC
000 -LEADER
fixed length control field 01648cam a2200133 4500500
005 - DATE AND TIME OF LATEST TRANSACTION
control field 20260405051152.0
041 ## - LANGUAGE CODE
Language code of text/sound track or separate title fre
042 ## - AUTHENTICATION CODE
Authentication code dc
100 10 - MAIN ENTRY--PERSONAL NAME
Personal name Gomez, Thomas
Relator term author
245 00 - TITLE STATEMENT
Title Droit de conquête et droits des Indiens : La société espagnole face aux populations amérindiennes
260 ## - PUBLICATION, DISTRIBUTION, ETC.
Name of publisher, distributor, etc. Armand Colin,<br/>
Date of publication, distribution, etc. 2014.<br/>
520 ## - SUMMARY, ETC.
Summary, etc. La conquête de l’Amérique a contribué de manière décisive à l’enrichissement des connaissances en Europe. L’irruption d’une « humanité américaine » a révélé des situations inconnues, venant bousculer les idées reçues et mettre en cause les anciens schémas idéologiques et institutionnels. De nouvelles questions se sont posées aux colonisateurs, sources d’interminables discussions, de rudes et subtils débats de nature théologique et juridique. Ce travail intellectuel s’est cristallisé sous la forme d’une abondante législation dont l’efficacité a trouvé ses limites dans les intérêts économiques de ceux qui tiraient profit de l’exploitation coloniale. Pourtant, sur le plan des principes, les controverses suscitées en Espagne par la conquête militaire et spirituelle ont été à l’origine d’avancées considérables en matière de relations entre les hommes et les États. Après une présentation des outils conceptuels indispensables à la compréhension des problèmes, on trouvera dans cet ouvrage révisé une étude très fouillée de ces différentes questions, replacées dans leur contexte historique.
856 41 - ELECTRONIC LOCATION AND ACCESS
Uniform Resource Identifier <a href="https://shs.cairn.info/droit-de-conquete-et-droits-des-indiens--9782200293055?lang=fr&redirect-ssocas=7080">https://shs.cairn.info/droit-de-conquete-et-droits-des-indiens--9782200293055?lang=fr&redirect-ssocas=7080</a>

Pas d'exemplaire disponible.

PLUDOC

PLUDOC est la plateforme unique et centralisée de gestion des bibliothèques physiques et numériques de Guinée administré par le CEDUST. Elle est la plus grande base de données de ressources documentaires pour les Étudiants, Enseignants chercheurs et Chercheurs de Guinée.

Adresse

627 919 101/664 919 101

25 boulevard du commerce
Kaloum, Conakry, Guinée

Réseaux sociaux

Powered by Netsen Group @ 2025